| 000 | 00737nam a2200229 4500 | ||
|---|---|---|---|
| 999 |
_c10003 _d10003 |
||
| 001 | 11636580 | ||
| 003 | GBCCL | ||
| 005 | 20241126110723.0 | ||
| 008 | 00026401984 ilub d 000 0 eng | ||
| 010 | _a84050304 | ||
| 040 |
_aDLC _cDLC _dATH |
||
| 050 | 0 |
_aBS440 _b.Y73 1984 |
|
| 082 |
_a220.3 _bYOU |
||
| 245 | 0 | 0 |
_aYoung's Bible dictionary / _cG. Douglas Young, general editor, George Giacumakis, Jr., associate editor. |
| 260 |
_aWheaton, Ill. : _bTyndale House Publishers, _cc1984. |
||
| 300 |
_a640 p. : _bcol. map. ; _c24 cm. |
||
| 500 | _aMap in pocket. | ||
| 630 | 0 | 0 |
_aBible _xDictionaries. _9510 |
| 700 | 1 |
_aYoung, G. Douglas _q(George Douglas), _d1910-1980. _917398 |
|
| 700 | 1 |
_aGiacumakis, George. _917399 |
|
| 942 |
_2ddc _cREF |
||